00533nam a2200181Ia 4500008004100000100001500041245005900056245001400115260002400129260000900153300002300162440003300185650001600218650001200234650001200246999001900258952007400277190425s9999 xx 000 0 und d aPunay, Edu aCoco farmers join bid to block transfer of P1-B funds/ cEdu Punay bThe Philippine Star c2019 aPage 7, January 18 aThe Philippine Starv33: 175 aagriculture acoconut afarming c361646d361646 001040aLuxbLuxd2019-04-25l0r2019-04-25 00:00:00w2019-04-25ySE